| Поле | Инд. | ПП | Название | Значение |
|---|---|---|---|---|
| Тип записи | a | |||
| Библиографический уровень | b | |||
| 001 | Контрольный номер | c3a4ca15ca2d4c88933b03110eab31ad | ||
| 005 | Дата корректировки | 20260225191453.6 | ||
| 024 | 80 | a | Стандартный номер | 10.1103/9xc8-z41p |
| 040 | a | Служба первич. каталог. | Scopus | |
| b | Код языка каталог. | rus | ||
| 041 | 0_ | a | Код языка текста | rus |
| 097 | a | Костяева О.Г. | ||
| 100 | 1_ | a | Автор | Brionnet P. |
| 100 | 1_ | a | Автор | Lopez-Martens A. |
| 100 | 1_ | a | Автор | Dorvaux O. |
| 100 | 1_ | a | Автор | Asfari Z. |
| 100 | 1_ | a | Автор | Isaev A. V. |
| c | Титул (звания) | кандидат физико-математических наук; доцент (должность); | ||
| i | 000091223 | |||
| j | Принадлежность неизвестного автора к последователям, ученикам, сторонникам, школе и т. д. | государственный университет "Дубна" | ||
| k | Инженерно-физический институт; Кафедра ядерной физики | |||
| q | Полное имя | Исаев Андрей Владимирович | ||
| 100 | 1_ | a | Автор | Malyshev O. N. |
| g | Прочие сведения | РИНЦ AuthorID: 23900 (http://elibrary.ru/author_profile.asp?id=23900) Scopus Author ID: 7003334379 (https://www.scopus.com/authid/detail.uri?authorId=7003334379) | ||
| j | Принадлежность неизвестного автора к последователям, ученикам, сторонникам, школе и т. д. | государственный университет "Дубна" | ||
| k | Кафедра ядерной физики; Инженерно-физический институт | |||
| q | Полное имя | Малышев Олег Николаевич | ||
| u | Дополнение | Малышев О. Н.; Malyshev Oleg N. | ||
| 100 | 1_ | a | Автор | Popeko A. G. |
| c | Титул (звания) | ; кандидат физико-математических наук; доцент (должность); | ||
| i | 000091255 | |||
| g | Прочие сведения | РИНЦ AuthorID: 23901 (http://elibrary.ru/author_profile.asp?id=23901); Scopus Author ID: 6603721619 (https://www.scopus.com/authid/detail.uri?authorId=6603721619) | ||
| j | Принадлежность неизвестного автора к последователям, ученикам, сторонникам, школе и т. д. | государственный университет "Дубна" | ||
| k | Кафедра ядерной физики; Инженерно-физический институт | |||
| q | Полное имя | Попеко Андрей Георгиевич | ||
| u | Дополнение | Попеко А. Г.; Popeko Andrei G. | ||
| 100 | 1_ | a | Автор | Popov Yu. A. |
| g | Прочие сведения | Scopus Author ID: 56487053300 (https://www.scopus.com/authid/detail.uri?authorId=56487053300) | ||
| k | Кафедра ядерной физики; Инженерно-физический институт | |||
| q | Полное имя | Попов Юрий Анатольевич | ||
| u | Дополнение | Popov Y. A. | ||
| 100 | 1_ | a | Автор | Svirikhin A. I. |
| c | Титул (звания) | ; кандидат физико-математических наук; доцент (должность); | ||
| i | 100096349 | |||
| k | Кафедра ядерной физики; Инженерно-физический институт | |||
| q | Полное имя | Свирихин Александр Игоревич | ||
| u | Дополнение | Свирихин А. И.; Svirikhin Alexander I. | ||
| g | Прочие сведения | РИНЦ AuthorID: 121081 (http://elibrary.ru/author_profile.asp?id= 121081); SPIN-код: 3542-0524 (http://elibrary.ru/author_items.asp?authorid=121081); Scopus Author ID: 6508156092 (https://www.scopus.com/authid/detail.uri?origin=resultslist&authorId=6508156092&zone=) | ||
| 100 | 1_ | a | Автор | Tezekbayeva M. S. |
| j | Принадлежность неизвестного автора к последователям, ученикам, сторонникам, школе и т. д. | государственный университет "Дубна" | ||
| q | Полное имя | Tezekbayeva M. S. | ||
| 100 | 1_ | a | Автор | Yeremin A. V. |
| c | Титул (звания) | ; кандидат физико-математических наук; доцент (должность); | ||
| i | 000091246 | |||
| g | Прочие сведения | РИНЦ AuthorID: 19762 (http://elibrary.ru/author_profile.asp?id=19762); SPIN-код: 7194-8836 (http://elibrary.ru/author_items.asp?authorid=19762); Scopus Author ID: 7004492073 (https://www.scopus.com/authid/detail.uri?origin=resultslist&authorId=7004492073&zone=) | ||
| j | Принадлежность неизвестного автора к последователям, ученикам, сторонникам, школе и т. д. | государственный университет "Дубна" | ||
| k | Кафедра ядерной физики; Инженерно-физический институт | |||
| q | Полное имя | Еремин Александр Владимирович | ||
| u | Дополнение | Еремин А. В.; Yeremin A. V. | ||
| 245 | 10 | a | Заглавие | Structure studies of 257Db through combined α, γ, and internal-conversion-electron spectroscopy |
| 513 | a | передано проректору по научной работе и инновациям | ||
| b | 15.12.2025 | |||
| 773 | 18 | t | Название источника | Physical Review C |
| d | Место и дата издания | 2025 | ||
| g | Прочая информация | V. 112. - P. 014320 | ||
| b | Сведения об издании | American Physical Society | ||
| c | USA | |||
| m | Специф. данные | входит в Белый список; входит в Scopus; входит в WoS; зарубежный журнал; ненулевой импакт-фактор | ||
| q | У1 Белый список; Q1 Scopus 2024 | |||
| x | ISSN | 2469-9985; 2469-9993 | ||
| w | Контрольный № источника | ada79f0508634249bff1c9f3e15b800f | ||
| o | Прочие индексы | SJR 1.096 | ||
| p | Phys. Rev. C | |||
| 901 | t | Тип документа | b | |
| 952 | c | Вид литературы | статья в журнале |